Star gazer
| Main Author: | |
|---|---|
| Format: | Book |
| Published: |
London :
Dorling Kindersley ,
2005
|
| Series: | Nature activities
|
| Subjects: |
MARC
| LEADER | 00000cam a2200000 7i4500 | ||
|---|---|---|---|
| 001 | 0000017125 | ||
| 005 | 20080526.0 | ||
| 008 | 080509 | ||
| 020 | |a 1405306513 | ||
| 090 | 0 | 0 | |a 520 |b MOR |
| 100 | 1 | |a Morgan, Ben | |
| 245 | 1 | 0 | |a Star gazer |c by Ben Morgan |
| 260 | |a London : |b Dorling Kindersley , |c 2005 | ||
| 440 | |a Nature activities | ||
| 650 | 0 | |a Astronomy | |
| 999 | |a 0001014359 |b Book |c Adult Collection |e Perbadanan Perpustakaan Awam Johor | ||